[Event "Top12Feminin"]
[Site "Mulhouse"]
[Date "2014.05.10"]
[Round "2.2"]
[White "Boulan, Laura"]
[Black "Nicoara, Malina"]
[Result "0-1"]
[WhiteElo "2051"]
[BlackElo "2108"]
[PlyCount "120"]
[EventDate "2014.05.09"]
[EventType "team"]
[EventRounds "5"]
[EventCountry "FRA"]
[WhiteTeam "Migne"]
[BlackTeam "Strasbourg"]

1. Nf3 Nf6 2. c4 d6 3. g3 g6 4. b4 a5 5. b5 Bg7 6. Bb2 c6 7. Bg2 O-O 8. Nc3 Re8
9. Qc2 e5 10. O-O e4 11. Ng5 d5 12. cxd5 cxd5 13. Nh3 Nbd7 14. Nf4 Nb6 15. Rac1
Bf5 16. d3 exd3 17. exd3 Qd7 18. a4 Rac8 19. Qb3 d4 20. Ncd5 Nfxd5 21. Nxd5
Nxd5 22. Bxd5 Bh3 23. Rfd1 Rxc1 24. Bxc1 h5 25. Bf4 Qe7 26. Be4 Be5 27. Bc1 Kg7
28. Ba3 Bd6 29. Bb2 Bc5 30. Qd5 f5 31. Rc1 b6 32. Bxd4+ Bxd4 33. Qxd4+ Kh6 34.
Qe3+ Kg7 35. Bg2 Qxe3 36. fxe3 Bxg2 37. Kxg2 Rxe3 38. Rc6 Rxd3 39. Rxb6 Rd4 40.
Ra6 Rxa4 41. b6 Rb4 42. Ra7+ Kf6 43. b7 Kg5 44. h3 h4 45. Rxa5 Rxb7 46. Ra3
Rb2+ 47. Kg1 hxg3 48. Rxg3+ Kh5 49. Ra3 Kh4 50. Rc3 f4 51. Ra3 Re2 52. Ra6 g5
53. Rh6+ Kg3 54. Kf1 f3 55. Rg6 Re5 56. Rf6 Ra5 57. Ke1 Ra1+ 58. Kd2 f2 59. Ke2
Re1+ 60. Kd2 f1=Q 0-1

[Event "Top12Feminin"]
[Site "Mulhouse"]
[Date "2014.05.10"]
[Round "2.3"]
[White "Boyard, Marie"]
[Black "Leriche, Ines"]
[Result "1/2-1/2"]
[WhiteElo "1984"]
[BlackElo "1907"]
[PlyCount "140"]
[EventDate "2014.05.09"]
[EventType "team"]
[EventRounds "5"]
[EventCountry "FRA"]
[WhiteTeam "Strasbourg"]
[BlackTeam "Migne"]

1. Nf3 c5 2. g3 g6 3. Bg2 Bg7 4. O-O Nc6 5. d3 Nf6 6. Nbd2 O-O 7. c3 d6 8. a4
Bd7 9. e4 Rb8 10. Re1 a6 11. d4 cxd4 12. cxd4 Bg4 13. h3 Bxf3 14. Nxf3 Nd7 15.
Be3 Qa5 16. Bd2 Qb6 17. Bc3 Rfc8 18. a5 Qd8 19. Bf1 Nf8 20. Qd2 d5 21. e5 Qd7
22. Qe3 Rc7 23. Kg2 Ne6 24. Rad1 b5 25. axb6 Rxb6 26. Bd3 Nb4 27. Bb1 Qa4 28.
Qd2 a5 29. h4 Qb5 30. h5 Rbc6 31. hxg6 hxg6 32. Rh1 Rc4 33. Qe3 a4 34. Rc1 Qb6
35. Bd2 Rxc1 36. Rxc1 Rxc1 37. Bxc1 Nc6 38. Qc3 Kh7 39. Be3 Na5 40. Ba2 Nc7 41.
Bd2 Nb3 42. Bxb3 axb3 43. Ng5+ Kg8 44. Qf3 f6 45. exf6 exf6 46. Nh3 Qxd4 47.
Bc3 Qe4 48. Nf4 Kf7 49. Nd3 Nb5 50. Qxe4 dxe4 51. Nc5 Nxc3 52. Nxb3 Nd1 53. Nc5
f5 54. f3 e3 55. Kf1 Nxb2 56. Nb3 Ke6 57. Ke2 Nc4 58. Nc5+ Kd5 59. Nd3 g5 60.
Nb4+ Kc5 61. Nd3+ Kd4 62. Nb4 Kc3 63. Nd5+ Kd4 64. Ne7 f4 65. gxf4 gxf4 66.
Nf5+ Kc3 67. Nxg7 Ne5 68. Ne6 Nd3 69. Nxf4 Nxf4+ 70. Kxe3 Ng6 1/2-1/2

[Event "Top12Feminin"]
[Site "Mulhouse"]
[Date "2014.05.10"]
[Round "2.4"]
[White "Gros, Rachel"]
[Black "Olguin, Monica"]
[Result "1/2-1/2"]
[WhiteElo "1629"]
[BlackElo "1747"]
[PlyCount "85"]
[EventDate "2014.05.09"]
[EventType "team"]
[EventRounds "5"]
[EventCountry "FRA"]
[WhiteTeam "Migne"]
[BlackTeam "Strasbourg"]

1. e4 e5 2. Bc4 Nf6 3. d3 h6 4. Nf3 Nc6 5. c3 d6 6. O-O Be7 7. Nbd2 O-O 8. Re1
Bg4 9. Nf1 a6 10. Bb3 Qd7 11. Ng3 Nh5 12. h3 Bxf3 13. Qxf3 Nxg3 14. Qxg3 Kh7
15. Be3 f5 16. exf5 Qxf5 17. Rad1 Rf6 18. Bd5 Kh8 19. Be4 Qe6 20. d4 exd4 21.
Bxd4 Nxd4 22. cxd4 Qf7 23. Bd5 Qf8 24. Re2 c6 25. Rde1 Re8 26. Bb3 b5 27. Bc2
Qf7 28. Qd3 g5 29. Qh7+ Qxh7 30. Bxh7 Kxh7 31. Rxe7+ Rxe7 32. Rxe7+ Kg6 33. Ra7
c5 34. dxc5 dxc5 35. Rd7 c4 36. Kf1 Re6 37. g4 Kf6 38. Rd5 Re5 39. Rd6+ Re6 40.
Rd5 Re5 41. Rd6+ Re6 42. Rd5 Re5 43. Rd6+ 1/2-1/2

[Event "Top12Feminin"]
[Site "Mulhouse"]
[Date "2014.05.10"]
[Round "3.1"]
[White "Daulyte, Deimante"]
[Black "Paehtz, Elisabeth"]
[Result "0-1"]
[WhiteElo "2406"]
[BlackElo "2443"]
[PlyCount "60"]
[EventDate "2014.05.09"]
[EventType "team"]
[EventRounds "5"]
[EventCountry "FRA"]
[WhiteTeam "Annemasse"]
[BlackTeam "Mulhouse"]

1. e4 e6 2. d4 d5 3. Nc3 Bb4 4. e5 c5 5. a3 Bxc3+ 6. bxc3 Qc7 7. Qg4 Ne7 8.
Qxg7 Rg8 9. Qxh7 cxd4 10. Ne2 dxc3 11. f4 Nbc6 12. h4 Bd7 13. h5 O-O-O 14. Qd3
d4 15. Rb1 Be8 16. h6 Ng6 17. h7 Rh8 18. Ng3 f6 19. exf6 Nxf4 20. Qf3 Nd5 21.
Ne4 Bg6 22. Rh4 Rxh7 23. Rxh7 Bxh7 24. Nc5 Qe5+ 25. Be2 Bxc2 26. f7 Bxb1 27.
f8=Q Rxf8 28. Qxf8+ Nd8 29. Qe8 Nf6 30. Qe7 d3 0-1

[Event "Top12Feminin"]
[Site "Mulhouse"]
[Date "2014.05.10"]
[Round "3.2"]
[White "Choisy, Mathilde"]
[Black "Gara, Ticia"]
[Result "1-0"]
[WhiteElo "2144"]
[BlackElo "2338"]
[PlyCount "65"]
[EventDate "2014.05.09"]
[EventType "team"]
[EventRounds "5"]
[EventCountry "FRA"]
[WhiteTeam "Mulhouse"]
[BlackTeam "Annemasse"]

1. e4 c5 2. b3 b6 3. Bb2 Bb7 4. Nc3 e6 5. Qe2 d6 6. f4 Nf6 7. Nf3 a6 8. O-O-O
Qc7 9. g4 Nxg4 10. Rg1 Nf6 11. e5 dxe5 12. fxe5 Nd5 13. Ne4 Qc6 14. Nfg5 h6 15.
Nxf7 Kxf7 16. Qh5+ Ke7 17. Nd6 Qd7 18. Bh3 Kd8 19. Nf7+ Kc7 20. Nxh8 Nf4 21.
Qg4 g5 22. Rgf1 Nc6 23. Rxf4 gxf4 24. Ng6 Nd4 25. Bxd4 Qxd4 26. c3 Qd7 27. Nxf4
Kb8 28. Qxe6 Qxe6 29. Nxe6 Be7 30. Rg1 Bd5 31. Rg8+ Kb7 32. Rxa8 Kxa8 33. Nc7+
1-0

[Event "Top12Feminin"]
[Site "Mulhouse"]
[Date "2014.05.10"]
[Round "3.3"]
[White "Zapata, Karen"]
[Black "Richard, Emma"]
[Result "1-0"]
[WhiteElo "2262"]
[BlackElo "2099"]
[PlyCount "76"]
[EventDate "2014.05.09"]
[EventType "team"]
[EventRounds "5"]
[EventCountry "FRA"]
[WhiteTeam "Mulhouse"]
[BlackTeam "Annemasse"]

1. e4 c5 2. Nc3 Nc6 3. f4 e6 4. Nf3 a6 5. d3 d5 6. Be2 dxe4 7. dxe4 Qxd1+ 8.
Bxd1 b5 9. O-O Be7 10. g4 Nf6 11. g5 Nd7 12. Be3 Nb6 13. Be2 Bb7 14. a4 b4 15.
a5 bxc3 16. axb6 Nb4 17. Ra5 cxb2 18. Rb1 Rc8 19. Rxb2 Bxe4 20. c3 Nd5 21. Bxa6
Rb8 22. Bb5+ Kf8 23. Nd2 Nxe3 24. Nxe4 f5 25. Nd2 Kf7 26. Be2 Bd6 27. Bh5+ g6
28. Ra7+ Be7 29. Bf3 Rhd8 30. Kf2 Nd5 31. Bxd5 Rxd5 32. Nc4 Ke8 33. Re2 Rd7 34.
Ne5 Rxa7 35. bxa7 Ra8 36. Rb2 Bd6 37. Rb7 c4 38. Kf3 Bxe5 1-0

[Event "Top12Feminin"]
[Site "Mulhouse"]
[Date "2014.05.10"]
[Round "3.4"]
[White "Haussernot, Cecile"]
[Black "Roumegous, Marina"]
[Result "1/2-1/2"]
[WhiteElo "2006"]
[BlackElo "2144"]
[PlyCount "80"]
[EventDate "2014.05.09"]
[EventType "team"]
[EventRounds "5"]
[EventCountry "FRA"]

1. e4 d5 2. exd5 Nf6 3. d4 Nxd5 4. c4 Nb6 5. Nc3 e5 6. dxe5 Qxd1+ 7. Nxd1 Nc6
8. f4 Be6 9. Ne3 Bc5 10. b3 Nb4 11. a3 Nc6 12. Nf3 a5 13. Bd3 Rd8 14. Be4 g6
15. Ke2 a4 16. b4 Bxe3 17. Bxe3 Bxc4+ 18. Kf2 Nd5 19. Rac1 Nxe3 20. Kxe3 Bd5
21. b5 Na7 22. Bxd5 Rxd5 23. Rxc7 Rxb5 24. Nd4 Rb6 25. f5 O-O 26. Rd1 Nb5 27.
Nxb5 Rxb5 28. Kf4 Re8 29. g4 Rbxe5 30. Rdd7 Re4+ 31. Kg5 gxf5 32. gxf5 Rf8 33.
Kf6 Rh4 34. Rd1 Rg4 35. Rxb7 h5 36. Rdd7 Rc4 37. Ra7 h4 38. h3 Rc6+ 39. Ke7 Rc4
40. Rd1 Re4+ 1/2-1/2

[Event "Top12Feminin"]
[Site "Mulhouse"]
[Date "2014.05.10"]
[Round "3.1"]
[White "Collas, Silvia"]
[Black "Milliet, Sophie"]
[Result "1/2-1/2"]
[WhiteElo "2290"]
[BlackElo "2393"]
[PlyCount "52"]
[EventDate "2014.05.09"]
[EventType "team"]
[EventRounds "5"]
[EventCountry "FRA"]
[WhiteTeam "Montpellier"]
[BlackTeam "Evry"]

1. Nf3 Nf6 2. g3 d5 3. Bg2 Bf5 4. O-O e6 5. d3 Be7 6. Nfd2 h6 7. e4 Bh7 8. Qe2
Nc6 9. c3 dxe4 10. dxe4 e5 11. a4 Qd7 12. Nc4 O-O 13. Nba3 a6 14. a5 Rfd8 15.
Re1 Qd3 16. Qxd3 Rxd3 17. Bf1 Rdd8 18. f3 Bc5+ 19. Be3 Bxe3+ 20. Rxe3 Ne8 21.
b4 Bg6 22. Ree1 f6 23. Red1 Bf7 24. Kf2 Rxd1 25. Rxd1 Rd8 26. Rxd8 Nxd8 1/2-1/2

[Event "Top12Feminin"]
[Site "Mulhouse"]
[Date "2014.05.10"]
[Round "3.2"]
[White "Vega Gutierrez, Sabrina"]
[Black "Vojinovic, Jovana"]
[Result "0-1"]
[WhiteElo "2410"]
[BlackElo "2307"]
[PlyCount "42"]
[EventDate "2014.05.09"]
[EventType "team"]
[EventRounds "5"]
[EventCountry "FRA"]
[WhiteTeam "Evry"]
[BlackTeam "Montpellier"]

1. e4 g6 2. d4 Nf6 3. e5 Nh5 4. g4 Ng7 5. Bg2 h5 6. h3 d6 7. exd6 Qxd6 8. Ne2
c6 9. Bf4 Qb4+ 10. Nbc3 hxg4 11. d5 gxh3 12. Bxb8 Rxb8 13. dxc6 Ne6 14. Qd3 Nf4
15. Nxf4 hxg2 16. O-O-O Bf5 17. Nfd5 Bxd3 18. Rxh8 Qg4 19. f3 Qxf3 20. c7 Qxd1+
21. Nxd1 Rc8 0-1

[Event "Top12Feminin"]
[Site "Mulhouse"]
[Date "2014.05.10"]
[Round "3.3"]
[White "Hamdouchi, Adina"]
[Black "Huisman, Chloe"]
[Result "1-0"]
[WhiteElo "2176"]
[BlackElo "1954"]
[PlyCount "77"]
[EventDate "2014.05.09"]
[EventType "team"]
[EventRounds "5"]
[EventCountry "FRA"]
[WhiteTeam "Montpellier"]
[BlackTeam "Evry"]

1. Nf3 c5 2. g3 Nc6 3. Bg2 d5 4. d4 cxd4 5. Nxd4 e5 6. Nxc6 bxc6 7. O-O g6 8.
c4 Ne7 9. cxd5 cxd5 10. Nc3 Bb7 11. Bg5 Bg7 12. Qa4+ Qd7 13. Qxd7+ Kxd7 14.
Bxe7 Kxe7 15. Bxd5 Rab8 16. Rfd1 Rhd8 17. e4 f5 18. Bxb7 Rxd1+ 19. Rxd1 Rxb7
20. b3 Rd7 21. Nd5+ Ke6 22. f3 Bh6 23. Kf2 Bf8 24. Rc1 Ba3 25. Rc6+ Rd6 26. Rc7
Ra6 27. Rc4 Rd6 28. Ke2 Bb2 29. a4 Rd7 30. Rc6+ Rd6 31. Rc7 Rd7 32. Rxd7 Kxd7
33. Kd3 Kd6 34. b4 Bd4 35. Kc4 Kc6 36. exf5 gxf5 37. Ne7+ Kb6 38. Nxf5 Bg1 39.
h4 1-0

[Event "Top12Feminin"]
[Site "Mulhouse"]
[Date "2014.05.10"]
[Round "3.4"]
[White "Rasinaru, Alina"]
[Black "Thuret, Marine"]
[Result "1/2-1/2"]
[WhiteElo "1954"]
[BlackElo "1912"]
[PlyCount "86"]
[EventDate "2014.05.09"]
[EventType "team"]
[EventRounds "5"]
[EventCountry "FRA"]
[WhiteTeam "Evry"]
[BlackTeam "Montpellier"]

1. e4 c5 2. c3 d5 3. exd5 Qxd5 4. d4 Nc6 5. Nf3 g6 6. Be3 cxd4 7. cxd4 Bg7 8.
Nc3 Qa5 9. Bc4 Nh6 10. O-O Nf5 11. d5 Nb8 12. Rc1 Nd7 13. Nd4 Nd6 14. Bb3 O-O
15. Qd2 Nc5 16. Bh6 Nxb3 17. Nxb3 Qb4 18. Bxg7 Kxg7 19. Rfe1 e6 20. Rcd1 Nf5
21. Qe2 h5 22. d6 Bd7 23. Ne4 Bc6 24. Nbc5 Bxe4 25. Nxe4 Rfd8 26. a3 Qb6 27. d7
Nd4 28. Rxd4 Qxd4 29. Rd1 Qe5 30. Qc2 a5 31. h3 Qb5 32. Qc3+ Kh6 33. g4 e5 34.
g5+ Kg7 35. a4 Qxa4 36. Qxe5+ Kf8 37. Qh8+ Ke7 38. Qf6+ Kf8 39. Qd6+ Kg7 40.
Nc5 Qc6 41. Qxc6 bxc6 42. Nb7 Kf8 43. Nxd8 c5 1/2-1/2

[Event "Top12Feminin"]
[Site "Mulhouse"]
[Date "2014.05.10"]
[Round "3.1"]
[White "Agagabean, Naira"]
[Black "Javakhishvili, Lela"]
[Result "0-1"]
[WhiteElo "2180"]
[BlackElo "2475"]
[PlyCount "74"]
[EventDate "2014.05.09"]
[EventType "team"]
[EventRounds "5"]
[EventCountry "FRA"]
[WhiteTeam "Bischwiller"]
[BlackTeam "Monaco"]

1. d4 c5 2. d5 g6 3. c4 Bg7 4. Nc3 d6 5. e4 Nf6 6. Bd3 O-O 7. Nge2 e6 8. O-O a6
9. a4 Nbd7 10. f4 exd5 11. cxd5 Re8 12. h3 c4 13. Bxc4 Nxe4 14. Nxe4 Rxe4 15.
Bd3 Re8 16. Bc2 Nf6 17. Nc3 Nh5 18. Qf3 Bd4+ 19. Kh2 Qh4 20. Bd2 Nf6 21. Rae1
Bd7 22. f5 g5 23. g3 g4 24. Qg2 gxh3 25. Qxh3 Qxh3+ 26. Kxh3 b5 27. axb5 axb5
28. g4 b4 29. Nd1 Bc5 30. Bb3 Ne4 31. Bf4 Bb5 32. Rh1 Bf2 33. Rxe4 Rxe4 34.
Bxd6 Bb6 35. Bg3 Be2 36. Re1 Bxg4+ 37. Kh4 Bd8+ 0-1

[Event "Top12Feminin"]
[Site "Mulhouse"]
[Date "2014.05.10"]
[Round "3.2"]
[White "Maisuradze, Nino"]
[Black "Chung, Mathilde"]
[Result "1-0"]
[WhiteElo "2239"]
[BlackElo "1945"]
[PlyCount "145"]
[EventDate "2014.05.09"]
[EventType "team"]
[EventRounds "5"]
[EventCountry "FRA"]
[WhiteTeam "Bischwiller"]
[BlackTeam "Monaco"]

1. d4 Nf6 2. c4 g6 3. Nc3 Bg7 4. e4 d6 5. Nf3 O-O 6. Be2 e5 7. O-O Nc6 8. Be3
Ng4 9. Bg5 f6 10. Bc1 Nh6 11. dxe5 dxe5 12. Be3 Be6 13. h3 Rf7 14. Nd5 Rd7 15.
Qa4 Nf7 16. Rfd1 Nd6 17. Nc3 Qe8 18. c5 Nf7 19. Bb5 Rxd1+ 20. Rxd1 Bd7 21. Nd5
Rc8 22. Qb3 Kh8 23. Nh2 f5 24. f3 f4 25. Bf2 h5 26. Rd2 Qe6 27. Nxf4 exf4 28.
Bc4 Qe7 29. Bxf7 Ne5 30. Bd5 c6 31. Bc4 Rd8 32. Qc2 Be8 33. Bb3 Rd7 34. Qd1 Qd8
35. Rd6 Bf8 36. Rxd7 Qxd7 37. Qd4 Bg7 38. Qd6 Nd3 39. Be6 Qxd6 40. cxd6 Ne5 41.
Bxa7 Nd7 42. Bxd7 Bxd7 43. b3 Be5 44. Bc5 Kg7 45. Nf1 Kf6 46. Nd2 b5 47. a4 Bc8
48. axb5 cxb5 49. b4 Ke6 50. Nb3 Bd7 51. Kf2 Bxd6 52. Bxd6 Kxd6 53. Nc5 Be8 54.
Nd3 g5 55. h4 gxh4 56. Nxf4 Ke5 57. Ke3 Bf7 58. Nd3+ Kf6 59. f4 Be6 60. Nf2 Bc4
61. Nh3 Bf1 62. Kf3 Ke6 63. Ng5+ Kf6 64. Kf2 Bd3 65. Kg1 Be2 66. Kf2 Bd3 67.
Kf3 Bf1 68. e5+ Ke7 69. f5 Bc4 70. f6+ Kd7 71. Ke4 Bb3 72. f7 Ke7 73. e6 1-0

[Event "Top12Feminin"]
[Site "Mulhouse"]
[Date "2014.05.10"]
[Round "3.3"]
[White "Levacic, Melissa"]
[Black "Fischer, Julie"]
[Result "0-1"]
[WhiteElo "2000"]
[BlackElo "1968"]
[PlyCount "94"]
[EventDate "2014.05.09"]
[EventType "team"]
[EventRounds "5"]
[EventCountry "FRA"]
[WhiteTeam "Monaco"]
[BlackTeam "Bischwiller"]

1. e4 c5 2. Nc3 Nc6 3. Bb5 g6 4. Bxc6 dxc6 5. d3 Bg7 6. Be3 b6 7. Qd2 h6 8. h4
Nf6 9. f3 e5 10. O-O-O Nd7 11. f4 exf4 12. Bxf4 Ne5 13. Nf3 Nxf3 14. gxf3 Be6
15. e5 Bd5 16. Ne4 Bxe4 17. dxe4 Qxd2+ 18. Rxd2 Ke7 19. Rd6 Rac8 20. Rhd1 Rhd8
21. Bg3 Bf8 22. Rxd8 Rxd8 23. Rxd8 Kxd8 24. f4 c4 25. Kd2 Bb4+ 26. Ke2 Kd7 27.
f5 Be7 28. Kf3 b5 29. Bf4 h5 30. Bg3 a5 31. Ke3 Bb4 32. Kd4 Bd2 33. Bf2 Bc1 34.
Kc3 g5 35. hxg5 Bxg5 36. Bg3 h4 37. Bh2 Be3 38. b3 cxb3 39. cxb3 h3 40. Kd3 Bb6
41. Kc3 Ke8 42. a4 Bc7 43. Kd4 f6 44. Kc5 Bxe5 45. Bg1 bxa4 46. bxa4 Kd7 47.
Kb6 Bd4+ 0-1

[Event "Top12Feminin"]
[Site "Mulhouse"]
[Date "2014.05.10"]
[Round "3.4"]
[White "Fesselier, Melissa"]
[Black "Lebel-Arias, Julia"]
[Result "1-0"]
[WhiteElo "1788"]
[BlackElo "1810"]
[PlyCount "49"]
[EventDate "2014.05.09"]
[EventType "team"]
[EventRounds "5"]
[EventCountry "FRA"]
[WhiteTeam "Bischwiller"]
[BlackTeam "Monaco"]

1. e4 g6 2. d4 Bg7 3. Nc3 c5 4. Nf3 Qa5 5. g3 Nc6 6. Be3 Qb4 7. a3 Qa5 8. Bg2
cxd4 9. Nxd4 Ne5 10. O-O a6 11. Nb3 Qd8 12. Bd4 f6 13. Nd5 Nc4 14. Nd2 e5 15.
Nxc4 exd4 16. Nd6+ Kf8 17. Qxd4 b5 18. Nb6 Rb8 19. Nbxc8 Rxc8 20. Nxc8 Qxc8 21.
Rad1 Ne7 22. Qxd7 Qxd7 23. Rxd7 Nc6 24. Rfd1 a5 25. Rc7 1-0

[Event "Top12Feminin"]
[Site "Mulhouse"]
[Date "2014.05.10"]
[Round "3.1"]
[White "Zickelbein, Eva-Maria"]
[Black "Nicoara, Malina"]
[Result "0-1"]
[WhiteElo "2065"]
[BlackElo "2108"]
[PlyCount "44"]
[EventDate "2014.05.09"]
[EventType "team"]
[EventRounds "5"]
[EventCountry "FRA"]
[WhiteTeam "Naujac"]
[BlackTeam "Strasbourg"]

1. e4 Nf6 2. Nc3 d5 3. d4 dxe4 4. f3 exf3 5. Nxf3 Bg4 6. Bc4 e6 7. O-O c6 8.
Qe2 Be7 9. Be3 O-O 10. Qf2 Nd5 11. Ne5 Bh5 12. g4 Bg6 13. Rae1 Bh4 14. Qe2 Bxe1
15. Rxe1 Nxe3 16. Qxe3 Nd7 17. Nxg6 hxg6 18. Ne4 Nb6 19. Bd3 Qh4 20. c4 Rad8
21. g5 e5 22. Rf1 Rxd4 0-1

[Event "Top12Feminin"]
[Site "Mulhouse"]
[Date "2014.05.10"]
[Round "3.4"]
[White "Boyard, Marie"]
[Black "Armas, Lara-Maria"]
[Result "1/2-1/2"]
[WhiteElo "1984"]
[BlackElo "1932"]
[PlyCount "94"]
[EventDate "2014.05.09"]
[EventType "team"]
[EventRounds "5"]
[EventCountry "FRA"]
[WhiteTeam "Strasbourg"]
[BlackTeam "Naujac"]

1. d4 Nf6 2. Nc3 d5 3. Bg5 Nbd7 4. Qd3 h6 5. Bh4 c6 6. Nf3 Qb6 7. O-O-O e6 8.
e4 dxe4 9. Nxe4 Be7 10. Ne5 Nxe4 11. Qxe4 Nf6 12. Qf3 O-O 13. Ng4 Qd8 14. Nxf6+
Bxf6 15. Bxf6 Qxf6 16. Qxf6 gxf6 17. f4 Re8 18. Re1 b6 19. Bd3 Bd7 20. Re3 Rac8
21. Rhe1 c5 22. Rg3+ Kf8 23. dxc5 Rxc5 24. Rh3 Kg7 25. Ree3 Rh8 26. Rhg3+ Kf8
27. b4 Rc8 28. Ba6 Rc6 29. Rc3 Ke7 30. b5 Rxc3 31. Rxc3 Kd6 32. a4 h5 33. Bb7
h4 34. h3 Rh5 35. Bf3 Rc5 36. Rd3+ Ke7 37. Rd4 f5 38. Kd2 Rc7 39. c4 Bc8 40.
Kc3 Bb7 41. Bxb7 Rxb7 42. Kb4 Rc7 43. Rd2 f6 44. Ra2 e5 45. a5 e4 46. axb6 axb6
47. Re2 Rc8 1/2-1/2

[Event "Top12Feminin"]
[Site "Mulhouse"]
[Date "2014.05.10"]
[Round "3.2"]
[White "Wohler-Armas, Friederike"]
[Black "Oney, Remel"]
[Result "1-0"]
[WhiteElo "2020"]
[BlackElo "1822"]
[PlyCount "71"]
[EventDate "2014.05.09"]
[EventType "team"]
[EventRounds "5"]
[EventCountry "FRA"]
[WhiteTeam "Naujac"]
[BlackTeam "Strasbourg"]

1. d4 Nf6 2. c4 g6 3. Nc3 d5 4. cxd5 Nxd5 5. e4 Nxc3 6. bxc3 c5 7. Bc4 Bg7 8.
Ne2 O-O 9. Be3 Nc6 10. h4 h5 11. Rb1 a6 12. a4 Qc7 13. Ba2 Rd8 14. Qb3 e6 15.
Rd1 Na5 16. Qb1 b6 17. O-O Bb7 18. d5 e5 19. Rd2 Rd6 20. f4 Qe7 21. g3 Bc8 22.
f5 gxf5 23. exf5 Bd7 24. Rb2 Qd8 25. Qd1 Qc8 26. Qc2 Rf6 27. Qe4 Bxf5 28. Qxe5
Qd7 29. Bg5 Re8 30. Qf4 Bd3 31. Bxf6 Bxf6 32. Qxf6 Bxe2 33. Qg5+ Kf8 34. Qh6+
Kg8 35. Bb1 f6 36. Qg6+ 1-0

[Event "Top12Feminin"]
[Site "Mulhouse"]
[Date "2014.05.10"]
[Round "3.3"]
[White "Muller, Marion"]
[Black "Armas, Lena"]
[Result "1/2-1/2"]
[WhiteElo "1891"]
[BlackElo "1890"]
[PlyCount "103"]
[EventDate "2014.05.09"]
[EventType "team"]
[EventRounds "5"]
[EventCountry "FRA"]
[WhiteTeam "Strasbourg"]
[BlackTeam "Naujac"]

1. e4 d5 2. exd5 Qxd5 3. Nc3 Qd6 4. d4 Nf6 5. Nf3 a6 6. g3 Bg4 7. Bg2 Nc6 8.
Bf4 Qd8 9. Be3 e6 10. O-O Bd6 11. Qd2 Rb8 12. a3 O-O 13. Ng5 Qd7 14. Nge4 Nxe4
15. Nxe4 Rfd8 16. c3 Be7 17. f3 Bf5 18. Rad1 b6 19. Qe2 a5 20. a4 Na7 21. Ra1
Nc8 22. b3 Nd6 23. Rfd1 Nxe4 24. fxe4 Bg6 25. Bf4 Bd6 26. e5 Be7 27. c4 c6 28.
Be3 Qc7 29. Bf4 Bb4 30. Be4 Bc3 31. Rac1 Bxd4+ 32. Kf1 c5 33. Bxg6 hxg6 34. Rd3
Rd7 35. Rcd1 Rbd8 36. Bg5 Rc8 37. Bf4 Qc6 38. Ke1 Rcc7 39. Kd2 Qb7 40. Kc2 Qa7
41. Qf3 Rb7 42. Qc6 Rbc7 43. Qf3 Kf8 44. h4 Ke8 45. h5 g5 46. Bxg5 Qb7 47. Qxb7
Rxb7 48. Bf4 Ke7 49. g4 f6 50. exf6+ gxf6 51. Be3 Ke8 52. Bf4 1/2-1/2

[Event "Top12Feminin"]
[Site "Mulhouse"]
[Date "2014.05.10"]
[Round "3.1"]
[White "Rudolf, Anna"]
[Black "Brunello, Marina"]
[Result "0-1"]
[WhiteElo "2292"]
[BlackElo "2304"]
[PlyCount "90"]
[EventDate "2014.05.09"]
[EventType "team"]
[EventRounds "5"]
[EventCountry "FRA"]
[WhiteTeam "Vandoeuvre"]
[BlackTeam "Villepinte"]

1. d4 d5 2. Nf3 Nf6 3. e3 Bf5 4. c4 c6 5. Nc3 e6 6. Qb3 Qb6 7. c5 Qc7 8. Nh4
Be4 9. f3 Bg6 10. Nxg6 hxg6 11. Bd2 Nbd7 12. O-O-O b6 13. cxb6 axb6 14. g3 b5
15. Kb1 Qa7 16. Ne2 Nb6 17. Nc1 Nc4 18. Bd3 Nd7 19. h4 Ndb6 20. e4 Na4 21. Bxc4
bxc4 22. Qe3 Nxb2 23. Kxb2 Ba3+ 24. Kc2 Qa4+ 25. Nb3 Bd6 26. Ra1 cxb3+ 27. axb3
Qxa1 28. Rxa1 Rxa1 29. exd5 O-O 30. dxe6 Rfa8 31. exf7+ Kxf7 32. Qc3 R8a2+ 33.
Kd3 Rd1 34. Qc4+ Ke7 35. Qg8 Raxd2+ 36. Kc3 Kf6 37. Qd8+ Be7 38. Qb6 Kf7 39.
Qc7 Rd3+ 40. Kc2 R1d2+ 41. Kc1 Rxd4 42. b4 Rd6 43. Qb7 R2d4 44. Kc2 Rc4+ 45.
Kb3 Rdd4 0-1

[Event "Top12Feminin"]
[Site "Mulhouse"]
[Date "2014.05.10"]
[Round "3.2"]
[White "Safranska, Anda"]
[Black "Sidibe, Malika"]
[Result "1-0"]
[WhiteElo "2262"]
[BlackElo "1836"]
[PlyCount "75"]
[EventDate "2014.05.09"]
[EventType "team"]
[EventRounds "5"]
[EventCountry "FRA"]
[WhiteTeam "Villepinte"]
[BlackTeam "Vandoeuvre"]

1. e4 c5 2. d3 Nc6 3. g3 Nf6 4. Bg2 d6 5. f4 e6 6. Nf3 Be7 7. O-O O-O 8. h3 d5
9. e5 Nd7 10. c3 b6 11. Be3 Bb7 12. d4 cxd4 13. cxd4 Rc8 14. Rf2 Re8 15. g4 f6
16. Nc3 a6 17. Ne2 fxe5 18. fxe5 Nf8 19. Nf4 a5 20. Bf1 Bh4 21. Nxh4 Qxh4 22.
Kh2 Qd8 23. a3 Ne7 24. Qf3 Neg6 25. Nxg6 Nxg6 26. Qf7+ Kh8 27. Qxb7 Rf8 28.
Rxf8+ Qxf8 29. Bd3 Rb8 30. Qc7 Rc8 31. Qd7 Rd8 32. Qa4 Qf3 33. Re1 Nf4 34. Bf1
Rf8 35. Qd1 Qe4 36. Bc1 Qg6 37. Bxf4 Rxf4 38. Bg2 1-0

[Event "Top12Feminin"]
[Site "Mulhouse"]
[Date "2014.05.10"]
[Round "3.3"]
[White "De Talance, Berenice"]
[Black "Bellaiche, Elise"]
[Result "0-1"]
[WhiteElo "1472"]
[BlackElo "2041"]
[PlyCount "86"]
[EventDate "2014.05.09"]
[EventType "team"]
[EventRounds "5"]
[EventCountry "FRA"]
[WhiteTeam "Vandoeuvre"]
[BlackTeam "Villepinte"]

1. e4 c5 2. Nf3 e6 3. c3 Nf6 4. e5 Nd5 5. d4 cxd4 6. cxd4 b6 7. Bc4 Bb7 8. O-O
Qc7 9. Qe2 a6 10. Bd2 b5 11. Bd3 d6 12. Nc3 Nxc3 13. Bxc3 d5 14. Rac1 Qb6 15.
Qd2 Nc6 16. Rfe1 b4 17. Qf4 bxc3 18. bxc3 h6 19. Rb1 Qc7 20. Rb3 Na5 21. Rbb1
Be7 22. Qe3 Bc6 23. Qe2 Qa7 24. Rb2 Ba3 25. Rbb1 Kd7 26. Nd2 Rhc8 27. Nb3 Nb7
28. Qh5 Rf8 29. f4 Bb5 30. Bxb5+ axb5 31. Nd2 b4 32. Qf3 Rfc8 33. Qh5 g6 34.
Qxh6 bxc3 35. Nb3 c2 36. Ra1 Bb2 37. Rac1 Bxc1 38. Nxc1 Qxd4+ 39. Kh1 Nc5 40.
Qg7 Rf8 41. Rg1 Nd3 42. Nxd3 Qxd3 43. Qh6 Qd2 0-1

[Event "Top12Feminin"]
[Site "Mulhouse"]
[Date "2014.05.10"]
[Round "3.4"]
[White "Lially Yao, Rakina"]
[Black "Charbonnel, Juliette"]
[Result "1-0"]
[WhiteElo "1248"]
[BlackElo "1393"]
[PlyCount "127"]
[EventDate "2014.05.09"]
[EventType "team"]
[EventRounds "5"]
[EventCountry "FRA"]

1. d4 d5 2. c4 c6 3. e3 Nf6 4. Nf3 Bf5 5. Be2 Nbd7 6. O-O g6 7. Nc3 Bg7 8. cxd5
cxd5 9. Qb3 Nb6 10. Bb5+ Bd7 11. Ne5 e6 12. Nxd7 Nbxd7 13. Bd3 Qc7 14. h3 O-O
15. Bd2 Rac8 16. Rac1 Qb8 17. Na4 Rxc1 18. Rxc1 Rc8 19. Rxc8+ Qxc8 20. Qc3 Qb8
21. Nc5 Qc7 22. Nxd7 Qxd7 23. Qc2 Bh6 24. b4 Bf8 25. a4 Be7 26. b5 Bd8 27. Qc5
Bb6 28. Qc2 Bc7 29. Bb4 Bb8 30. Qc5 Qe8 31. Qe7 Qxe7 32. Bxe7 Kg7 33. f3 Bg3
34. Kf1 Nd7 35. a5 b6 36. axb6 axb6 37. Bb4 Nf6 38. Be1 Bc7 39. g4 h5 40. Kg2
Bd8 41. Bh4 Bc7 42. Bg3 Bd8 43. Be5 Kh7 44. Bxf6 Bxf6 45. gxh5 Kg7 46. hxg6
fxg6 47. Kg3 g5 48. f4 gxf4+ 49. Kxf4 Kh6 50. Kg4 Bg7 51. h4 Bf6 52. h5 Bg7 53.
Bg6 e5 54. dxe5 Bxe5 55. Kf5 Bc3 56. Ke6 d4 57. e4 d3 58. e5 d2 59. Bc2 Kg7 60.
Bd1 Bb4 61. Kd7 Kf7 62. e6+ Kf8 63. h6 Be7 64. h7 1-0